Bifokális fesztivál

Bibliographic Details
Main Author: Varga, József (Author)
Format: Article
Language:Hungarian
PhysicalDescription:Obr.
ISSN:1335-6631
Subjects:

MARC

LEADER 00000nab a2200000 ar4500
001 vtls008700923
003 SK-MaSNL
005 20260319070452.0
008 060504c2006 xo |||||||| 000 b|hun
015 |a SNBRB2006/05  |2 snkbucl 
038 |a SNKBUCL 
040 |a DSZK  |b slo  |c DSZK  |e AACR2 
041 0 |a hun 
044 |a xo  |c SK 
080 |a 78.079:782/785  |2 1997 
100 1 |a Varga, József  |4 aut  |9 336396 
245 1 0 |a Bifokális fesztivál  |c Varga József 
300 |b Obr. 
611 2 7 |a Budapesti Tavaszi Fesztivál  |n (26. :  |d 2006:  |c Budapešť, Maďarsko)  |2 snkbucl  |9 1075327 
773 0 |t Szabad újság  |g Évf. XIV, sz. 18 (2006), o. 10  |x 1335-6631 
852 |a SNK  |b KIS3GCP 
852 |a DSZK  |b KIS3GCP 
958 |a HU 
999 |c 1768113  |d 1770043